History Quiz

Random History Quiz

John Adams: Presidential Profile Quiz Stats

 Plays Quiz not verified by Sporcle

Challenge
Share
Tweet
Embed
Score 0/15 Timer 06:00
0 Plays Today
Fact % Correct
President Number2
100%
Political PartyFederalist
97.9%
Vice PresidentThomas Jefferson
93.6%
Place of BirthBraintree, Massachusetts
91.5%
ProfessionLawyer
91.5%
Date of DeathJuly 4
90.4%
Year Became President1797
89.4%
Year Left Office1801
89.4%
Fact % Correct
Year of Death1826
88.3%
CollegeHarvard University
87.2%
Year of Birth1735
84%
SpouseAbigail Smith
79.8%
Father's NameDeacon John Adams
74.5%
ReligionUnitarianism
51.1%
Mother's NameSusanna Boylston
34%

You're not logged in!

Compare scores with friends on all Sporcle quizzes.
Join for Free
OR
Log In

You Might Also Like...

Show Comments

Extras

Created Feb 17, 2012ReportNominate
Tags:john, profile

Top Quizzes Today


Score Distribution

Your Account Isn't Verified!

In order to create a playlist on Sporcle, you need to verify the email address you used during registration. Go to your Sporcle Settings to finish the process.

Report this User

Report this user for behavior that violates our Community Guidelines.

Details: